Giáo trình lý thuyết bảo trì hệ thống máy tính : Dùng trong các trường THCN /
Zapisane w:
| 1. autor: | |
|---|---|
| Format: | Sách giấy |
| Język: | Vietnamese |
| Wydane: |
H. :
NXB. Hà nội,
2007.
|
| Hasła przedmiotowe: | |
| Etykiety: |
Dodaj etykietę
Nie ma etykietki, Dołącz pierwszą etykiete!
|
| Thư viện lưu trữ: | Thư viện Trường Đại học Đà Lạt |
|---|
| LEADER | 00856nam a2200325 4500 | ||
|---|---|---|---|
| 001 | DLU090065601 | ||
| 005 | ##20090401 | ||
| 040 | # | # | |a DLU |b vie |
| 041 | # | # | |a vie |
| 044 | # | # | |a vn |
| 082 | # | # | |a 004.22 |b PH-B |
| 100 | # | # | |a Phạm Thanh Bình. |
| 245 | # | # | |a Giáo trình lý thuyết bảo trì hệ thống máy tính : |b Dùng trong các trường THCN / |c Phạm Thanh Bình. |
| 260 | # | # | |a H. : |b NXB. Hà nội, |c 2007. |
| 300 | # | # | |a 98 tr. : |b minh hoạ ; |c 24 cm. |
| 504 | # | # | |a Tài liệu tham khảo: tr. 96. |
| 653 | # | # | |a Bảo trì thiết bị |
| 653 | # | # | |a Giáo trình |
| 653 | # | # | |a Máy vi tính |
| 923 | # | # | |a 23/2008 |
| 991 | # | # | |a GT |
| 992 | # | # | |a 13500 |
| 994 | # | # | |a DLU |
| 900 | # | # | |a True |
| 911 | # | # | |a Đào Thị Thu Huyền |
| 925 | # | # | |a G |
| 926 | # | # | |a A |
| 927 | # | # | |a SH |
| 980 | # | # | |a Thư viện Trường Đại học Đà Lạt |